Československé dějiny 1848-1914 Hospodářský a sociální vývoj

Enregistré dans:
Détails bibliographiques
Auteur principal: Urban, Otto
Collectivité auteur: Univerzita Karlova v Praze
Format: Livre
Langue:tchèque
Publié: Praha Státní pedagogické nakladatelství 1988
Édition:2. vyd.
Tags: Ajouter un tag
Pas de tags, Soyez le premier à ajouter un tag!

MARC

LEADER 00000nam a2200000 4500
001 c028136
005 20250515071959.4
041 0 |a cze 
044 |a CZ 
245 1 0 |a Československé dějiny 1848-1914  |b Hospodářský a sociální vývoj  |c Otto Urban 
250 |a 2. vyd. 
264 1 |a Praha  |b Státní pedagogické nakladatelství  |c 1988 
300 |a 144 s. 
100 1 |a Urban, Otto 
710 2 |a Univerzita Karlova v Praze